| 000 | 00568nam a2200145Ia 4500 | ||
|---|---|---|---|
| 999 |
_c21764 _d21764 |
||
| 082 | _aTR.0284 | ||
| 100 | _aRane, Usha | ||
| 245 | 0 | _aStudy of women's participation in integrated rural development programme during 1985-86 of the sixth five year plan period in seven selected blocks of Vadodara district, gujarat | |
| 260 |
_c1987 _bM.S. University of Baroda |
||
| 300 | _av.p. | ||
| 650 | _aINTEGRATED RURAL DEVELOPMENT PROGRAMME - GUJARAT - VADODARA | ||
| 650 | _aWOMEN IN RURAL DEVELOPMENT - GUJARAT - VADODARA | ||
| 710 | _aParalikar, Kalpana | ||
| 942 |
_cTH _2ddc |
||